A report to the National Science Foundation on socioeconomic and political consequences of earthquake prediction /

Bibliographic Details
Main Author: Haas, J. Eugene (John Eugene)
Corporate Author: National Science Foundation (U.S.)
Other Authors: Mileti, Dennis S.
Format: Book
Language:English
Spanish
Language Notes:Includes questionnaires in both English and Spanish.
Published: [Boulder, Colo.?] : Institute of Behavioral Science, University of Colorado, [1977]
Subjects:

MARC

Tag First Indicator Second Indicator Subfields
LEADER 00000cam a2200000Ia 4500
001 in00001779721
005 20151025115543.0
008 031103s1977 couab rbt 000 0 eng d
035 |a (OCoLC)ocm53335436 
040 |a TXA  |c TXA  |d UtOrBLW 
041 1 |a eng  |a spa  |h eng 
049 |a TXAM 
090 |a QE538.8  |b .H33 1977ba 
100 1 |a Haas, J. Eugene  |q (John Eugene) 
245 1 2 |a A report to the National Science Foundation on socioeconomic and political consequences of earthquake prediction /  |c J. Eugene Haas, Dennis S. Mileti. 
246 3 0 |a Socioeconomic and political consequences of earthquake prediction 
264 1 |a [Boulder, Colo.?] :  |b Institute of Behavioral Science, University of Colorado,  |c [1977] 
300 |a 1 volume (various pagings) :  |b illustrations, maps ;  |c 28 cm. 
336 |a text  |b txt  |2 rdacontent 
337 |a unmediated  |b n  |2 rdamedia 
338 |a volume  |b nc  |2 rdacarrier 
546 |a Includes questionnaires in both English and Spanish. 
500 |a "March 7, 1977." 
504 |a Includes bibliographical references. 
533 |a Photocopy. 
536 |a NSF Grant #  |c AEN 74-24079 
536 |a From the LIbrary of the Hazard Reductiona and Recovery Center (HRRC). 
650 0 |a Earthquake prediction  |x Social aspects. 
650 0 |a Earthquake prediction  |x Economic aspects. 
650 0 |a Earthquake prediction  |x Political aspects. 
700 1 |a Mileti, Dennis S. 
710 2 |a National Science Foundation (U.S.) 
948 |a cataloged  |b h  |c 2003/11/3  |d o  |e fpiscitelli  |f 10:55:51 am 
994 |a E0  |b TXA 
999 |a MARS 
999 f f |s eae54d1f-1966-3108-97bb-28d2753151ed  |i 524e7a34-cf40-3519-8af6-2e4b5828d4b7  |t 0 
952 f f |p ric  |a Texas A&M University  |b Rellis Campus  |c Joint Library Facility  |s JLF  |d Remote Storage  |t 0  |e QE538.8 .H33 1977ba  |h Library of Congress classification  |i unmediated -- volume  |m A14830397670 
998 f f |a QE538.8 .H33 1977ba  |t 0  |l Remote Storage